[Event "Geraardsbergen op"]
[Site "Geraardsbergen"]
[Date "1992.??.??"]
[Round "5"]
[White "Claesen, Pieter"]
[Black "Pergericht, Daniel"]
[Result "1/2-1/2"]
[WhiteElo "2300"]
[BlackElo "2350"]

1.c4 c6 2.Nf3 Nf6 3.Nc3 d5 4.e3 g6 5.d4 Bg7 6.Be2 O-O 7.O-O Be6 8.b3 c5 9.Bb2 Nc6
10.dxc5 dxc4 11.bxc4 Nd7 12.Nd4 Nxc5 13.Nxe6 fxe6 14.Qc1 Nd3 15.Bxd3 Qxd3
16.Na4 Ne5 17.Nc5 Qe2 18.Bd4 Qg4 19.f4 b6 20.h3 Qf5 21.fxe5 Qxf1+ 22.Qxf1 Rxf1+
23.Rxf1 bxc5 24.Bxc5 Bxe5 25.Bxe7 Rc8 26.Rc1 Kf7 27.Ba3 Ke8 28.Kf2 Kd7 29.Kf3 Rc6
30.Ke4 Bg3 31.Rc2 Rc7 32.Rd2+ Kc6 33.Bb2 Be1 34.Rd1 Rb7  1/2-1/2

[Event "Oberliga Nord N9192"]
[Site "Germany"]
[Date "1992.??.??"]
[Round "?"]
[White "Muender, Michael"]
[Black "Kleeschaetzky, Rainer"]
[Result "1/2-1/2"]
[WhiteElo "2265"]
[BlackElo "2270"]

1.c4 c6 2.d4 d5 3.Nf3 Nf6 4.g3 Bg4 5.Bg2 e6 6.O-O Nbd7 7.Qb3 Qb6 8.Qc2 Be7
9.c5 Qd8 10.b4 O-O 11.Bb2 Re8 12.Nbd2 Bf8 13.a4 h6 14.e3 Bf5 15.Qb3 Ne4 16.b5 Qa5
17.Nxe4 Bxe4 18.Bc3 Qc7 19.Nd2 Bxg2 20.Kxg2 b6 21.cxb6 Qxb6 22.Rab1 Rab8
23.Rfc1 Rec8 24.Qa2 Qd8 25.Bb4 Bxb4 26.Rxb4 cxb5 27.Rxc8 Qxc8 28.axb5 a6
29.Qb2 Rxb5 30.Rxb5 axb5 31.Qxb5 Nf6 32.Nf3 Qc2 33.Qb8+ Kh7 34.Qf4  1/2-1/2

[Event "BL2-W9192"]
[Site "Germany"]
[Date "1992.??.??"]
[Round "?"]
[White "Wintzer, Joachim"]
[Black "Hennig, Dirk"]
[Result "1-0"]
[WhiteElo "2320"]
[BlackElo "2360"]

1.c4 c6 2.Nc3 d5 3.d4 dxc4 4.e4 b5 5.a4 b4 6.Nb1 Nf6 7.e5 Nd5 8.Bxc4 e6 9.Nf3 Be7
10.O-O a5 11.Re1 Ba6 12.Bb3 Nd7 13.Nbd2 c5 14.Bc4 O-O 15.Qe2 Qc8 16.Qe4 Bxc4
17.Nxc4 Qa6 18.Ne3 f5 19.exf6 N7xf6 20.Qc2 Rac8 21.Nxd5 Nxd5 22.dxc5 Bxc5
23.Qe4 Rce8 24.Bg5 Nf6 25.Bxf6 Rxf6 26.Re2 Rf4 27.Qe5 Bd6 28.Qe3 Rc4 29.Rae1 h6
30.h3 Kh8 31.Qd3 Qc6 32.Qg6 Bc7 33.b3 Rc3 34.Nd4 Qd7 35.Nxe6 Kg8 36.Ng5 Rxe2
37.Qh7+ Kf8 38.Qh8+ Ke7 39.Rxe2+ Kf6 40.Ne4+ Kf7 41.Re1 Qe6 42.g3 Kg6 43.Qa8 Rxb3
44.Rc1 Qe7 45.Qc6+  1-0

[Event "BL2-S9192"]
[Site "Germany"]
[Date "1992.??.??"]
[Round "?"]
[White "Sokolov, Andrei"]
[Black "Mohrlok, Dieter"]
[Result "1-0"]
[WhiteElo "2565"]
[BlackElo "2425"]

1.c4 c6 2.d4 d5 3.Nc3 dxc4 4.Nf3 Bg4 5.Ne5 Bh5 6.g4 f6 7.gxh5 fxe5 8.dxe5 Qxd1+
9.Nxd1 Nd7 10.f4 e6 11.Bh3 Bb4+ 12.Kf2 Kf7 13.Ne3 Bc5 14.Kf3 b5 15.Rd1 Rd8
16.Ng4 g6 17.Be3 Be7 18.Bxa7 gxh5 19.Nf2 Nh6 20.Ne4 Nf5 21.Bxf5 exf5 22.Nd6+ Ke6
23.a4 Nf6 24.axb5 Bxd6 25.exf6 Bb8 26.Rxd8 Rxd8 27.Bxb8 Rxb8 28.bxc6 Kd6
29.Ra5 Kxc6 30.Rxf5 Kd6 31.f7 Ke7 32.f8=Q+ Rxf8 33.Rxf8 Kxf8 34.Ke4  1-0

[Event "BL2-O9192"]
[Site "Germany"]
[Date "1992.??.??"]
[Round "?"]
[White "Mandl, Robert"]
[Black "Rausch, Stephan"]
[Result "1-0"]
[WhiteElo "2415"]
[BlackElo "2325"]

1.c4 c6 2.Nf3 d5 3.Qc2 Nf6 4.d4 e6 5.Bf4 Bd6 6.Bxd6 Qxd6 7.e3 Nbd7 8.Nc3 O-O
9.Rd1 b6 10.Be2 Bb7 11.O-O dxc4 12.e4 Qf4 13.Bxc4 Rfd8 14.Bd3 h6 15.e5 Nxe5
16.dxe5 Nd7 17.Ne2 Qb4 18.Rd2 Kf8 19.a3 Qa5 20.Qc3 Qxc3 21.Nxc3 Nc5 22.Bc2 Rxd2
23.Nxd2 Ba6 24.Rd1 Bd3 25.Bxd3 Nxd3 26.Nc4 Rd8 27.Kf1 Ke7 28.g3 Rd4 29.Ke2 Nf4+
30.gxf4 Rxc4 31.Ke3 g5 32.Rd4 Rc5 33.Ne4 Rc2 34.Nf6 gxf4+ 35.Kxf4 Rxf2+ 36.Kg3  1-0

[Event "Gyor opJ"]
[Site "Gyor"]
[Date "1992.??.??"]
[Round "?"]
[White "Korpics, Zsolt"]
[Black "Tomcsanyi, Peter"]
[Result "0-1"]
[WhiteElo "2325"]
[BlackElo "2235"]

1.c4 c6 2.e4 d5 3.exd5 cxd5 4.cxd5 Nf6 5.Nc3 Nxd5 6.Bb5+ Bd7 7.Qa4 Nb6 8.Qb3 e6
9.Nf3 Nc6 10.O-O Be7 11.d4 O-O 12.Bf4 Na5 13.Qc2 Bxb5 14.Nxb5 Nd5 15.Bd2 Nc6
16.Nc3 Bf6 17.Qe4 Nxc3 18.Bxc3 Qd6 19.Ne5 Rac8 20.Rfd1 Rfd8 21.Nc4 Qd7 22.Ne3 Bxd4
23.Kh1 e5 24.Nf5 Qe6 25.Rd3 Bxf2 26.Rh3 h6 27.Rf1 Bc5 28.Rg3 Bf8 29.Qf3 Rc7
30.Qg4 g6 31.Rh3 Kh7 32.Qh4 gxf5 33.Re3 Bg7 34.Ref3 f4 35.Re1 Qf6 36.Qh3 Nd4
37.Rf2 Rcd7 38.g4 Qc6+ 39.Kg1 e4  0-1

[Event "Gyor opJ"]
[Site "Gyor"]
[Date "1992.??.??"]
[Round "?"]
[White "Izsak, Gyula"]
[Black "Mokcsay, Robert"]
[Result "1-0"]
[WhiteElo "2360"]
[BlackElo "2295"]

1.c4 c6 2.d4 d5 3.Nc3 Nf6 4.Nf3 dxc4 5.a4 Bf5 6.e3 e6 7.Bxc4 Bb4 8.O-O O-O
9.Qb3 Qe7 10.Bd2 Nbd7 11.Rfe1 Nb6 12.Bf1 a5 13.h3 h6 14.Rad1 Ne4 15.Ne5 Rfd8
16.Nxe4 Bxe4 17.Bd3 Bxd3 18.Nxd3 Nd5 19.Bxb4 Nxb4 20.Nxb4 Qxb4 21.Qxb4 axb4
22.b3 b5 23.Ra1 bxa4 24.bxa4 Ra5 25.Reb1 Rb8 26.Rb3 c5 27.dxc5 Rxc5 28.Rab1 Rc4
29.Kf1 Kf8 30.Ke2 Rc2+ 31.Kf3 Rc4 32.Ke2 Rc2+ 33.Ke1 Rc4 34.Kd2 Rd8+ 35.Rd3 Ra8
36.Ra1 Ke7 37.Rd4 Rxd4+ 38.exd4 Kd6 39.Kc2 Kd5 40.Kb3 Rb8 41.Rc1 Kxd4 42.Rc7 f5
43.Rxg7 e5 44.Rf7 f4 45.Rd7+ Ke4 46.a5 Rg8 47.Rd2 f3 48.gxf3+ Kxf3 49.Kxb4 h5
50.a6 e4 51.Kc5 h4 52.a7 Kg2 53.Rd4 e3 54.Rg4+ Rxg4 55.a8=Q+ Kh2 56.fxe3 Kxh3
57.Qh1+ Kg3 58.e4 h3 59.e5 h2 60.e6  1-0

[Event "Hafnarfirdi"]
[Site "Hafnarfirdi"]
[Date "1992.??.??"]
[Round "7"]
[White "Petursson, Margeir"]
[Black "Jonsson, Bjorgvin"]
[Result "1/2-1/2"]
[WhiteElo "2555"]
[BlackElo "2420"]

1.c4 c6 2.Nf3 d5 3.e3 Nf6 4.d4 e6 5.Bd3 Nbd7 6.O-O dxc4 7.Bxc4 b5 8.Bd3 a6
9.a4 Bb7 10.e4 Be7 11.Bg5 h6 12.Bh4 O-O 13.Nbd2 bxa4 14.Bb1 c5 15.Qxa4 cxd4
16.Qxd4 Rc8 17.e5 Nd5 18.Bxe7 Nxe7 19.Qd3 Ng6 20.Ra3 Qe7 21.Rc3 Rxc3 22.bxc3 Rd8
23.Qc2 Nc5 24.Nd4 Qg5 25.N2f3 Qg4 26.h3 Qe4 27.Qb2 Qd5 28.Re1 Nf4 29.Qd2 Ng6
30.h4 a5 31.h5 Nf8 32.c4 Qxc4 33.Rc1 Qd5 34.Qxa5 Na6 35.Qb6 Qd7 36.Ba2 Rc8
37.Rb1 Rb8 38.Qd6 Bxf3 39.Nxf3 Rxb1+ 40.Bxb1 Qa4 41.Bd3 Nb4 42.Be4 Nd5 43.Bxd5 Qd1+
44.Kh2 Qxd5 45.Qxd5 exd5 46.Kg3 Ne6 47.Ne1 Kf8 48.Nc2 Nc5 49.Kg4 Ke7 50.f4 Ne4
51.Nd4 g6 52.f5 Nf2+ 53.Kf3 Nd3 54.Nc6+ Kf8 55.Ke3 Ne1 56.g3 gxf5 57.Nd4 f4+
58.gxf4 Ng2+ 59.Kf3 Ne1+ 60.Ke3 Ng2+ 61.Kf3 Ne1+ 62.Kg4 Nd3 63.Nf5 f6 64.e6 Nc5
65.Nd4 Ke7 66.Kf5 Nd3 67.Nb5 Nb4 68.Kg6 Kxe6 69.Kxh6 Kf7 70.Nd6+ Kg8 71.Kg6 Nd3
72.Kf5 Kg7 73.Kg4 Kh6 74.Nf5+ Kh7 75.Ne3 Nb4  1/2-1/2

[Event "Hafnarfirdi"]
[Site "Hafnarfirdi"]
[Date "1992.??.??"]
[Round "9"]
[White "Conquest, Stuart"]
[Black "Levitt, Jonathan"]
[Result "1/2-1/2"]
[WhiteElo "2485"]
[BlackElo "2465"]

1.c4 c6 2.e4 d5 3.exd5 cxd5 4.cxd5 Nf6 5.Nc3 Nxd5 6.Nf3 Nxc3 7.bxc3 g6 8.h4 h6
9.Bc4 Bg7 10.a4 Qc7 11.Qe2 Bg4 12.Rb1 O-O 13.Kf1 Nc6 14.d4 Rac8 15.h5 g5
16.Bb3 Bf5 17.Bc2 Bxc2 18.Qxc2 Nxd4 19.Nxd4 Bxd4 20.Ba3 Qxc3 21.Qxc3 Rxc3
22.Rh3 Rc7 23.Rd3 Bf6 24.a5 Rfc8 25.Bb4 Rc1+ 26.Rxc1 Rxc1+ 27.Ke2 Rc4 28.Bd2 Rd4
29.Rb3 Rd7 30.Be3 a6 31.g4 Bd4 32.Kf3 e6 33.Ke4 Rd5 34.Rxb7 Rxa5 35.Ra7 Bf6
36.Rc7 Ra4+ 37.Kf3 Be5 38.Rc8+ Kg7 39.Ra8 Bc3 40.Bc5 Be5 41.Be3 f5 42.Ra7+ Kf6
43.Rh7 fxg4+ 44.Kg2 Ra2 45.Rxh6+ Kf5 46.Rh7 g3 47.Rf7+ Ke4 48.h6 g4 49.h7 gxf2
50.Bf4 Bc3 51.Bg3 Ra5 52.Rf4+ Kd3 53.Rxg4 Rh5 54.Rg6 Rxh7 55.Rxe6 a5 56.Bxf2 Rg7+
57.Kf3 Rf7+ 58.Kg3 Kc4 59.Rc6+ Kb3 60.Rxc3+ Kxc3 61.Be1+ Kd3 62.Bxa5  1/2-1/2

[Event "Hafnarfirdi"]
[Site "Hafnarfirdi"]
[Date "1992.??.??"]
[Round "9"]
[White "Petursson, Margeir"]
[Black "Thorhallsson, Throstur"]
[Result "1-0"]
[WhiteElo "2555"]
[BlackElo "2425"]

1.c4 c6 2.Nf3 d5 3.e3 Nf6 4.d4 e6 5.Bd3 dxc4 6.Bxc4 b5 7.Bd3 Bb7 8.O-O Nbd7
9.e4 a6 10.a4 Be7 11.Bg5 O-O 12.Qe2 Re8 13.Nbd2 e5 14.dxe5 Ng4 15.e6 fxe6
16.Bxe7 Rxe7 17.Bc2 Qc7 18.Rae1 Rd8 19.Bb3 Nc5 20.Bc2 e5 21.Rd1 Nf6 22.b4 Nxa4
23.Bxa4 bxa4 24.Rc1 Qb6 25.Nc4 Qxb4 26.Rb1 Qc3 27.Ncxe5 Kf8 28.Rfc1 Qa5 29.Qe3 Qc7
30.h3 Ba8 31.Rc5 Rb8 32.Rbc1 Rb3 33.Qd4 Qb6 34.Qxa4 Rb4 35.Qd1 Rxe4 36.Nxc6 Bxc6
37.Rxc6 Qb5 38.R6c5 Qd7 39.Rc8+ Re8 40.Qxd7 Nxd7 41.Ng5 Re5 42.Nxh7+ Ke7
43.R8c7 Kd8 44.Kh2 R8e6 45.f4 Rd5 46.Ng5 Re2 47.Rc8+ Ke7 48.Rg8 Rdd2 49.Rxg7+ Kd6
50.Nf3 Rd3 51.Nh4 Re4 52.Nf5+ Ke6 53.Rc6+  1-0

[Event "Hamburg-ch"]
[Site "Hamburg"]
[Date "1992.??.??"]
[Round "6"]
[White "Reddmann, Hauke"]
[Black "Jacoby, Florian"]
[Result "1/2-1/2"]
[WhiteElo "2305"]
[BlackElo "2220"]

1.c4 c6 2.b3 d5 3.Bb2 Nf6 4.Nf3 Bg4 5.g3 Nbd7 6.Bg2 e6 7.O-O Bd6 8.d4 O-O
9.Ne5 Bf5 10.Nxd7 Qxd7 11.Nd2 Qe7 12.Nf3 Rfd8 13.e3 Be4 14.Qe2 Ba3 15.Rac1 Rac8
16.Rfd1 Nd7 17.Bxa3 Qxa3 18.Rc3 Qe7 19.Rdc1 dxc4 20.Rxc4 Nb6 21.Rc5 Rd5 22.Qd2 Rcd8
23.Qa5 Nc8 24.Qb4 Qc7 25.Ne5 Bxg2 26.Kxg2 Rxc5 27.Rxc5 f6 28.Nf3 Qb6 29.Qc4 Kf7
30.a4 Rd5 31.e4 Rxc5 32.dxc5 Qd8 33.Nd4 Qd7 34.f4 g6 35.g4 Ke7 36.Kg3 h6
37.f5 e5 38.Nf3 gxf5 39.gxf5 Kf8 40.Nh4 Ne7 41.Qe6 Qd3+ 42.Nf3 Qxe4 43.Qxf6+ Ke8
44.Qh8+ Kd7 45.Nxe5+ Kc7 46.Qg7 Qe3+ 47.Nf3 Kb8 48.Qf8+ Kc7 49.Qf7 Kd8 50.Qe6 Qd3
51.Qf6 Qxb3 52.Qf8+ Kd7 53.f6 Nf5+ 54.Kf4 Qe6 55.Ne5+ Kc7 56.Qf7+ Qxf7 57.Nxf7 Nd4
58.Ke5 Nb3 59.Nxh6 Kd7 60.h4 Nxc5 61.h5 Ke8 62.Kf5 b5 63.axb5 cxb5 64.Ng4 Nd7
65.Ne5 Nf8 66.Nc6 b4  1/2-1/2

[Event "Helsinki op"]
[Site "Helsinki"]
[Date "1992.??.??"]
[Round "8"]
[White "Sturua, Zurab"]
[Black "Sherbakov, Ruslan"]
[Result "1/2-1/2"]
[WhiteElo "2545"]
[BlackElo "2530"]

1.c4 c6 2.Nf3 d5 3.d4 e6 4.Qc2 Nf6 5.g3 b6 6.Bg2 Bb7 7.O-O Nbd7 8.cxd5 cxd5
9.Bf4 Rc8 10.Qb3 Be7 11.Nc3 a6 12.Ne5 O-O 13.Nxd7 Nxd7  1/2-1/2

[Event "HUN-ch"]
[Site "?"]
[Date "1992.??.??"]
[Round "7"]
[White "Csom, Istvan"]
[Black "Kallai, Gabor"]
[Result "1/2-1/2"]
[WhiteElo "2540"]
[BlackElo "2455"]

1.c4 c6 2.Nc3 d5 3.cxd5 cxd5 4.d4 Nf6 5.Bf4 Nc6 6.e3 a6 7.Bd3 Bg4 8.Nge2 e6
9.O-O Bd6 10.Qd2 Bxe2 11.Nxe2 Bxf4 12.Nxf4 Qd6 13.Rac1 O-O 14.a3  1/2-1/2

[Event "HUN-ch"]
[Site "?"]
[Date "1992.??.??"]
[Round "10"]
[White "Csom, Istvan"]
[Black "Chernin, Alexander"]
[Result "1/2-1/2"]
[WhiteElo "2540"]
[BlackElo "2600"]

1.c4 c6 2.Nf3 d5 3.e3 Nf6 4.d4 Bf5 5.Nc3 e6 6.Be2 h6 7.O-O Nbd7 8.b3 Bd6
9.Bb2 O-O 10.h3 Ne4 11.Nxe4 Bxe4 12.Nd2 Bg6 13.a3 a5 14.Bc3 Re8 15.b4 axb4  1/2-1/2

[Event "HUN-chT"]
[Site "HUN"]
[Date "1992.??.??"]
[Round "?"]
[White "Csom, Istvan"]
[Black "Kallai, Gabor"]
[Result "1/2-1/2"]
[WhiteElo "2490"]
[BlackElo "2455"]

1.c4 c6 2.b3 d5 3.Bb2 Bg4 4.h3 Bh5 5.d3 Nd7 6.Nd2 e5 7.cxd5 cxd5 8.g4 Bg6
9.Bg2 Ngf6 10.Ngf3 Bd6 11.Nh4 Nb6 12.Nxg6 hxg6 13.e3 Qe7 14.a3 a5 15.O-O O-O  1/2-1/2

[Event "HUN-chT"]
[Site "HUN"]
[Date "1992.??.??"]
[Round "?"]
[White "Heiligermann, Gabor"]
[Black "Horvath, Imre"]
[Result "1/2-1/2"]
[WhiteElo "2325"]
[BlackElo "2320"]

1.c4 c6 2.d4 d5 3.Nc3 e5 4.e3 exd4 5.Qxd4 Nf6 6.e4 Nxe4 7.Nxe4 dxe4 8.Qxe4+ Qe7
9.Bd3 Qxe4+ 10.Bxe4 Be6 11.b3 a5 12.Nf3 a4 13.Bb2 Bb4+ 14.Kd1 O-O 15.Kc2 Re8
16.Ng5 h6 17.Nxe6 Rxe6 18.Bd3 Na6 19.Bc3 Rd8 20.Rhd1 Rdd6 21.Rd2 a3 22.Rad1 Kf8
23.c5 Bxc3 24.cxd6 Bxd2 25.Bxa6 bxa6 26.Rxd2 Ke8 27.d7+ Kd8 28.Kc3 a5 29.Kc4 Re5
30.b4 Re4+ 31.Kc5 Rxb4 32.Kxc6 Rb2 33.Rd5 Rxa2 34.Rxa5 Rc2+ 35.Kd6 Rd2+ 36.Kc6 Rxd7
37.Rxa3 Rd2 38.Rf3 Ke7 39.Kc5 Ke6 40.Re3+ Kf5 41.Rf3+ Kg6 42.Rg3+ Kh7 43.Rf3 f6
44.Kc4 Kg6 45.Kc3 Ra2 46.Kd4 f5 47.Ke5 Re2+ 48.Kf4 Kf6 49.Kg3 g5 50.Ra3 h5
51.Ra6+ Ke5 52.Ra5+ Kf6 53.Ra6+ Ke5  1/2-1/2

[Event "Hyeres op"]
[Site "Hyeres"]
[Date "1992.??.??"]
[Round "?"]
[White "Anselmo, Aldo"]
[Black "Anic, Darko"]
[Result "0-1"]
[WhiteElo "2240"]
[BlackElo "2395"]

1.c4 c6 2.g3 g6 3.Bg2 Bg7 4.d4 f5 5.Nc3 Nf6 6.Nh3 d6 7.d5 O-O 8.Nf4 Qe8 9.h4 e5
10.dxe6 Bxe6 11.Nxe6 Qxe6 12.Qb3 Rf7 13.Bg5 Na6 14.O-O-O Ng4 15.Rhf1 Ne5
16.Qc2 Nxc4 17.h5 Nc5 18.hxg6 hxg6 19.Kb1 Re8 20.Rfe1 Ne4 21.Bxe4 fxe4 22.Rf1 d5
23.f3 exf3 24.exf3 Bxc3  0-1

[Event "Karvina op"]
[Site "Karvina"]
[Date "1992.??.??"]
[Round "6"]
[White "Zontek, Sebastian"]
[Black "Burmakin, Vladimir"]
[Result "0-1"]
[WhiteElo "2215"]
[BlackElo "2375"]

1.c4 c6 2.Nf3 d5 3.b3 Nf6 4.Bb2 Bf5 5.g3 Qb6 6.cxd5 cxd5 7.Bg2 Nc6 8.O-O e6
9.d3 Be7 10.Nbd2 O-O 11.Rc1 Rfd8 12.Qc2 Bg6 13.Ne5 Nxe5 14.Bxe5 Ne8 15.Nf3 f6
16.Bb2 Qa6 17.Ba1 e5 18.e4 Ba3 19.Rcd1 Rac8 20.Qb1 d4 21.Bh3 Rc7 22.Bb2 Bh5
23.Bg2 Bxb2 24.Qxb2 Rc3 25.Qb1 Rdc8 26.Rd2 Nd6 27.Nh4 Qa3 28.Bh3 R8c7 29.b4 Rc1
30.Qb3+ Qxb3 31.axb3 Rxf1+ 32.Kxf1 Rc1+ 33.Kg2 Bf7 34.f4 Bxb3 35.Kf3 b6 36.Ke2 a5
37.bxa5 bxa5 38.Rb2 a4 39.Nf3 Nf7 40.Nd2 Rc2 41.Rxc2 Bxc2 42.Nc4 Bb3 43.Be6 Kf8
44.Bxf7 Kxf7 45.Na3 Ke6 46.Kd2 Kd6 47.Kc1 Kc5 48.fxe5 fxe5 49.Kb2 Kb4 50.h3 g5
51.Nb1 Bd1 52.Na3 Bb3 53.Nb1 h5 54.h4 gxh4 55.gxh4 Bd1 56.Na3 Be2 57.Nc4 Bxd3
58.Nxe5 Bxe4 59.Nf7  0-1

[Event "Kecskemet"]
[Site "Kecskemet"]
[Date "1992.??.??"]
[Round "10"]
[White "Schlosser, Philipp"]
[Black "Haba, Petr"]
[Result "1/2-1/2"]
[WhiteElo "2485"]
[BlackElo "2515"]

1.c4 c6 2.d4 d5 3.e3 Nf6 4.Nc3 g6 5.Nf3 Bg7 6.Be2 O-O 7.O-O Bg4 8.cxd5 cxd5
9.Qb3 b6 10.h3 Bxf3 11.Bxf3 e6 12.Bd2 Nc6 13.Qa4 Na5 14.b3 a6 15.Rac1 Re8
16.Ne2 Nb7 17.Rc6 Bf8 18.Bb4 b5 19.Qa3 Bxb4 20.Qxb4 Qd7 21.Rfc1 Rec8 22.R6c3 Rxc3
23.Qxc3 Nd6 24.Qa5 Nfe4 25.Bxe4 Nxe4 26.Qc7 Qxc7 27.Rxc7 b4 28.Nf4 a5 29.f3 Nd2
30.Nd3 a4 31.Nxb4 axb3 32.axb3 Nxb3 33.Nc6 Ra1+ 34.Kf2 Rc1 35.Ne7+  1/2-1/2

[Event "Komotini op"]
[Site "Komotini"]
[Date "1992.??.??"]
[Round "?"]
[White "Chilingirova, Pavlina"]
[Black "Hector, Jonny"]
[Result "1-0"]
[WhiteElo "2270"]
[BlackElo "2535"]

1.c4 c6 2.d4 d5 3.Bf4 Nf6 4.e3 Bf5 5.Nc3 e6 6.Qb3 Qc8 7.Nf3 Be7 8.Rc1 O-O
9.Be2 Nbd7 10.O-O dxc4 11.Bxc4 Nb6 12.Be2 Nbd5 13.Be5 Rd8 14.Nd2 Rd7 15.Na4 Bb4
16.Rfd1 Bxd2 17.Rxd2 Ne4 18.Rdd1 f6 19.f3 Nec3 20.bxc3 fxe5 21.e4 Nf4 22.Bf1 Bg6
23.g3 Nh5 24.Qxe6+ Bf7 25.Qxe5 Qd8 26.Nc5 Re7 27.Qg5 Nf6 28.e5 h6 29.Qd2 Nh7
30.f4 h5 31.c4 h4 32.gxh4 Bh5 33.Be2 Nf6 34.Bxh5 Nxh5 35.f5 Rf7 36.Qf2 Qe7
37.Ne4 c5 38.Ng5 Rff8 39.Qf3  1-0

[Event "Ladenburg BM"]
[Site "Ladenburg"]
[Date "1992.??.??"]
[Round "6"]
[White "Schneider, Attila"]
[Black "Beikert, Guenther"]
[Result "1/2-1/2"]
[WhiteElo "2375"]
[BlackElo "2350"]

1.c4 c6 2.Nf3 d5 3.cxd5 cxd5 4.g3 Nc6 5.d4 Nf6 6.Bg2 Bf5 7.O-O e6 8.Qb3 Qd7
9.Bf4 Be7 10.Nc3 Ne4 11.Rfc1 O-O 12.Ne5 Nxe5 13.Nxe4 Bxe4 14.Bxe5 Rac8 15.f3 Bg6
16.Bf4 Rxc1+ 17.Rxc1 Rc8 18.Rc3 Rxc3 19.Qxc3 f6 20.Kf2 Be8 21.e4 Qc6 22.Bb8 Qxc3
23.bxc3 a6 24.Bh3 Kf7 25.exd5 exd5 26.Bc8 Bc6 27.Ke3 Bd8 28.Bd6 Ba5 29.Kd3 Bd8
30.f4 Be7 31.Bc7 Ba3 32.c4 g6 33.g4 dxc4+ 34.Kxc4 Ke7 35.g5 fxg5 36.fxg5 Bd6
37.Ba5 Bxh2 38.d5 Bb5+ 39.Kd4 b6 40.Bd2 a5 41.Be6 Be8 42.Ke4 Ba4 43.Be3 Bc2+
44.Kd4 Bb1 45.a3 Bd6 46.Kc4 Bxa3 47.Bxb6 a4 48.Kb5 Bf5 49.Kxa4 Bxe6  1/2-1/2

[Event "Ladenburg BM"]
[Site "Ladenburg"]
[Date "1992.??.??"]
[Round "8"]
[White "Preiss, Martin"]
[Black "Pfrommer, Christoph"]
[Result "1/2-1/2"]
[WhiteElo "2275"]
[BlackElo "2310"]

1.c4 c6 2.e4 d5 3.exd5 cxd5 4.d4 Nf6 5.Nc3 g6 6.Qb3 Bg7 7.cxd5 O-O 8.Be2 Nbd7
9.Bf3 Nb6 10.Nge2 Bg4 11.Bxg4 Nxg4 12.O-O Qd7 13.Bf4 Nf6 14.d6 exd6 15.Qb5 Rfd8
16.Rac1 Nfd5 17.Bg5 Qxb5 18.Nxb5 Rd7 19.Rfd1 a6 20.Nbc3 Re8 21.Nxd5 Nxd5
22.Nc3 Nxc3 23.Rxc3 Bxd4 24.Rc2 d5 25.Kf1 Bg7 26.Re1 Rxe1+ 27.Kxe1 f5 28.Kd2 Kf7
29.Kd3 Be5 30.Re2 Bg7 31.Be3  1/2-1/2

[Event "Lloyds Bank op"]
[Site "London"]
[Date "1992.??.??"]
[Round "?"]
[White "Byway, Paul"]
[Black "Rogers, Ian"]
[Result "0-1"]
[WhiteElo "2305"]
[BlackElo "2565"]

1.c4 c6 2.Nf3 Nf6 3.d4 b5 4.cxb5 cxb5 5.e3 a6 6.Bd3 Bb7 7.O-O e6 8.a4 b4
9.Nbd2 Be7 10.e4 a5 11.Re1 d6 12.Nb3 O-O 13.Bg5 Nbd7 14.Qe2 h6 15.Bd2 Nb6
16.e5 Nfd7 17.Bb1 Re8 18.Qd3 Nf8 19.exd6 Bxd6 20.Ne5 Bd5 21.Nc5 Rc8 22.Ne4 Bxe5
23.dxe5 Bxe4 24.Rxe4 Qxd3 25.Bxd3 Red8 26.Be3 Rxd3 27.Bxb6 Rd5 28.Re2 Nd7
29.Be3 Nxe5 30.f3 f6 31.h3 Kf7 32.Rae1 Rc6 33.Kf1 Nc4 34.Bc1 Nb6 35.b3 Rd3
36.Re3 Rxe3 37.Bxe3 Nd5 38.Bd2 Rc2 39.Ke2 Rb2 40.Kd3 Rxb3+ 41.Kc4 Rb2 42.Rd1 Nc3
43.Bxc3 bxc3 44.Kxc3 Rxg2 45.Rd7+ Kg6 46.Ra7 Rg5  0-1

[Event "Balkaniad"]
[Site "Mangalia"]
[Date "1992.??.??"]
[Round "2"]
[White "Foisor, Ovidiu"]
[Black "Skembris, Spyridon"]
[Result "0-1"]
[WhiteElo "2425"]
[BlackElo "2530"]

1.c4 c6 2.Nf3 Nf6 3.Nc3 d5 4.e3 a6 5.d4 b5 6.cxd5 cxd5 7.a4 b4 8.Na2 e6 9.Bd2 Nc6
10.Bd3 Bd6 11.O-O O-O 12.Nc1 Na5 13.Nb3 Nc4 14.Qc2 a5 15.Rfc1 Ba6 16.Be1 Qb8
17.Qe2 Qb7 18.Rc2 Rfc8 19.Rac1 Rc6 20.Nfd2 Qc7 21.g3 Rc8 22.e4 Bf8 23.e5 Nd7
24.Na1 Qb6 25.b3 Na3  0-1

[Event "Manila ol (Men)"]
[Site "Manila"]
[Date "1992.??.??"]
[Round "?"]
[White "Gofshtein, Leonid D"]
[Black "Hector, Jonny"]
[Result "1-0"]
[WhiteElo "2485"]
[BlackElo "2535"]

1.c4 c6 2.e4 e5 3.Nf3 f5 4.Be2 fxe4 5.Nxe5 Nf6 6.O-O Be7 7.Nc3 d5 8.cxd5 cxd5
9.Bb5+ Bd7 10.Nxd7 Nbxd7 11.Nxd5 O-O 12.Nxe7+ Qxe7 13.d3 Rad8 14.dxe4 Qxe4
15.Be3 Ne5 16.Qb3+ Kh8 17.Bc5 Rg8 18.Rfe1 Qf5 19.Bxa7 b6 20.a4 Rd6 21.Qe3 Neg4
22.Qg3 Rgd8 23.h3 Nh6 24.Bb8 Nh5 25.Qxd6 Rxd6 26.Bxd6  1-0

[Event "Manila ol (Men)"]
[Site "Manila"]
[Date "1992.??.??"]
[Round "?"]
[White "Moutousis, Konstantinos"]
[Black "Gamboa, Nelson"]
[Result "1-0"]
[WhiteElo "2405"]
[BlackElo "2405"]

1.c4 c6 2.d4 d5 3.cxd5 cxd5 4.Nc3 Nc6 5.Nf3 Nf6 6.Bf4 g6 7.e3 Bg7 8.h3 O-O
9.Be2 Qb6 10.a3 Bf5 11.Na4 Qd8 12.O-O Na5 13.Rc1 Rc8 14.Rxc8 Qxc8 15.Nc3 b6
16.Ne5 Rd8 17.Qa4 Nh5 18.Bh2 f6 19.Nf3 Bf8 20.g4 Bd7 21.Qd1 Ng7 22.Nxd5 Bxg4
23.hxg4 Rxd5 24.Nd2 Kh8 25.b4 Nc6 26.Bf3 Rd7 27.Qc2 e5 28.Bxc6  1-0

[Event "Massy op"]
[Site "Massy"]
[Date "1992.??.??"]
[Round "5"]
[White "Spiridonov, Nikola"]
[Black "Piankov, Evgenij"]
[Result "1-0"]
[WhiteElo "2420"]
[BlackElo "2350"]

1.c4 c6 2.Nf3 Nf6 3.d4 d5 4.Qc2 g6 5.Bf4 Bg7 6.e3 O-O 7.Nc3 Qa5 8.Nd2 Nbd7
9.Be2 Re8 10.Nb3 Qb6 11.cxd5 Nxd5 12.Nxd5 cxd5 13.Bc7 Qb4+ 14.Qd2 Qxd2+ 15.Kxd2 Nf6
16.f3 Bd7 17.Nc5 Bc6 18.Be5 Nd7 19.Bxg7 Kxg7 20.Rhc1 Rec8 21.b4 Nxc5 22.Rxc5 b6
23.Rc3 Bb7 24.Rac1 Rxc3 25.Rxc3 Rc8 26.Ra3 Ra8 27.Ba6 Bxa6 28.Rxa6 Kf8 29.a4 Ke8
30.a5 bxa5 31.Rxa5 e6 32.Rb5 Rc8 33.Rb7 a6 34.g4 Rc6 35.h4 Kf8 36.g5 Kg7
37.e4 dxe4 38.fxe4 Kf8 39.Kd3 Rc1 40.d5 exd5 41.exd5 Rh1 42.Kc4 Rxh4+ 43.Kc5 h5
44.gxh6 g5 45.d6 Ke8 46.h7 Rxh7 47.Kc6  1-0

[Event "Mlada Boleslav op"]
[Site "Mlada Boleslav"]
[Date "1992.??.??"]
[Round "6"]
[White "Smejkal, Jan"]
[Black "Spesny, Jan"]
[Result "1-0"]
[WhiteElo "2525"]
[BlackElo "2335"]

1.c4 c6 2.d4 d5 3.Nf3 Nf6 4.Nc3 g6 5.e3 Bg7 6.Be2 O-O 7.O-O b6 8.Qc2 Bf5
9.Qb3 Be6 10.Bd2 h6 11.cxd5 cxd5 12.Ne5 Ne4 13.Nxe4 dxe4 14.Qc2 Bd5 15.Rac1 Bxe5
16.dxe5 Nc6 17.Rfd1 Qb8 18.Be1 Qxe5 19.Rxd5 Qxd5 20.Qxc6 Qxc6 21.Rxc6 Rac8
22.Bb5 Rfd8 23.Kf1 e6 24.Ke2 Rxc6 25.Bxc6 f5 26.Bc3 Kf7 27.a4 Rd6 28.Bb5 Rd8
29.Bd4 Rd6 30.b4 Rd8 31.Bc6 Rc8 32.b5 Ke7 33.Kd2 Kd6 34.Kc2 e5 35.Bc3 a6
36.Bb7 Rc7 37.Bxa6  1-0

[Event "Moscow3"]
[Site "Moscow"]
[Date "1992.??.??"]
[Round "?"]
[White "Laketic, Gojko"]
[Black "Shvedchikov, Anatoli I"]
[Result "1-0"]
[WhiteElo "2480"]
[BlackElo "2330"]

1.c4 c6 2.b3 d5 3.Bb2 Nf6 4.g3 Bf5 5.Bg2 e6 6.Nf3 Bd6 7.d3 Nbd7 8.Nbd2 O-O
9.O-O e5 10.Qc2 h6 11.c5 Bc7 12.e4 dxe4 13.dxe4 Bg4 14.b4 a5 15.a3 Qe7 16.Nc4 axb4
17.axb4 Bxf3 18.Bxf3 Qe6 19.Rfc1 Nh7 20.Bg2 Ndf6 21.Rd1 Rad8 22.Rxd8 Rxd8
23.Ra4 Qc8 24.Ne3 Bb8 25.Ra8 Qd7 26.h4 Nf8 27.Nc4 Ng6 28.Bf3 h5 29.Kg2 Kh7
30.Qe2 Bc7 31.Rxd8 Bxd8 32.Bxh5  1-0

[Event "Moscow Tal mem"]
[Site "Moscow"]
[Date "1992.??.??"]
[Round "?"]
[White "Vaisser, Anatoli"]
[Black "Sveshnikov, Evgeny"]
[Result "1/2-1/2"]
[WhiteElo "2540"]
[BlackElo "2525"]

1.c4 c6 2.e4 d5 3.exd5 cxd5 4.d4 Nf6 5.Nc3 e6 6.Nf3 Bb4 7.Bd3 dxc4 8.Bxc4 a6
9.a4 Nbd7 10.O-O Nb6 11.Bb3 Nbd5 12.Qd3 O-O 13.Bg5 Be7 14.Rfe1 h6 15.Bd2 Nb4
16.Qe2 Bd7 17.d5 Bc5 18.dxe6 Bxe6 19.Bxe6 fxe6 20.Qxe6+ Kh8 21.Be3 Re8 22.Qc4 Bxe3
23.Qxb4 Qb6 24.Qxb6 Bxb6 25.Rxe8+ Rxe8 26.Re1 Rc8 27.Re2 Rc4 28.Nd2 Rb4 29.Nf3 Rc4
30.h3 Ba5 31.Ne5 Rd4 32.Nf7+ Kg8 33.Re7 Rb4 34.Nd6 Rxb2 35.Nce4 Nxe4 36.Nxe4 Bb6
37.Kf1 Rb4 38.Rxb7 Rxe4 39.Rxb6 Rxa4 40.Rb7 Ra1+ 41.Ke2 a5  1/2-1/2

[Event "Munich op9192"]
[Site "Munich"]
[Date "1992.??.??"]
[Round "3"]
[White "Shirazi, Kamran G"]
[Black "Weinzettl, Ernst"]
[Result "1/2-1/2"]
[WhiteElo "2415"]
[BlackElo "2285"]

1.c4 c6 2.e4 e5 3.Nc3 Nf6 4.f4 d5 5.cxd5 cxd5 6.fxe5 Nxe4 7.Nf3 Nc6 8.Qb3 Bc5
9.Bb5 Be6 10.d4 Bxd4 11.Nxd4 Qh4+ 12.g3 Nxg3 13.Nf3 Qh5 14.Rg1 Qxf3 15.Rxg3 Qh1+
16.Bf1 d4 17.Qxb7 Rb8 18.Qc7 dxc3 19.Rxc3 Qe4+ 20.Be3 Qh4+ 21.Bf2 Qe4+ 22.Be2 Qh1+
23.Kd2 Qxa1 24.Qxc6+ Bd7 25.Qc5 Qxb2+ 26.Rc2 Qb4+ 27.Qxb4 Rxb4 28.Bxa7 Ra4
29.Bc5 f6 30.exf6 gxf6 31.Bc4 Rxc4 32.Rxc4 Rg8 33.Re4+ Kd8 34.Rh4 Rg2+ 35.Ke3 Bf5
36.a3 Bg6 37.Bd6 Kd7 38.Bg3 Ra2 39.Ra4 Kc6 40.Kd4 Kb5 41.Rb4+ Kc6 42.Ra4 Kb5
43.Ra8 Rd2+ 44.Ke3 Rd3+ 45.Ke2 Rd4 46.Be1 Ra4 47.Rb8+ Kc6 48.Bb4 Ra6 49.Rd8 Kc7
50.Rd4 Kc6 51.Kf3 Kb5 52.Be7 Ra4 53.Rd5+ Kc4 54.Rd8 Ra7 55.Bb4 Ra6 56.Rd7 Kb5
57.Rc7 Re6 58.Rc5+ Ka4 59.Ra5+ Kb3 60.h4 Re5 61.Ra6 Bd3 62.Ra7 h5 63.Be7 Re6
64.Rb7+ Kc3 65.Bb4+ Kc4 66.Rc7+ Kb5 67.Rc3 Be2+ 68.Kf4 Bg4 69.Rc5+ Ka4 70.Ra5+ Kb3
71.Rd5 Re2 72.Rd3+ Kc4 73.Rc3+ Kd4 74.Rc6 Re4+ 75.Kg3 Re3+ 76.Kf2 Re2+  1/2-1/2